Things that start with E by picture - Statistics

General Stats
  • This quiz has been taken 73 times
    65 since last reset
  • The average score is 10 of 12
Answer Stats
Picture Answer % Correct
Elvis Presley
100%
Eiffel Tower
97%
Estonia
95%
Elm
93%
Emu
93%
Equator
93%
Eminem
90%
Elmo
86%
European Union
71%
Eggnog
64%
Edinburgh
60%
Empty
43%
No matching quizzes found
Score Distribution
Percent of People with Each Score
Percentile by Number Answered
Your Score History
You have not taken this quiz since the last reset